UBT Library

Cellular and molecular immunology / (Record no. 44810)

000 -LEADER
fixed length control field 00855cam a22002654a 4500
001 - CONTROL NUMBER
control field 12804211
005 - DATE AND TIME OF LATEST TRANSACTION
control field 20180313044144.0
008 - FIXED-LENGTH DATA ELEMENTS--GENERAL INFORMATION
fixed length control field 020606s2003 paua b 001 0 eng
010 ## - LIBRARY OF CONGRESS CONTROL NUMBER
LC control number 2002075771
020 ## - INTERNATIONAL STANDARD BOOK NUMBER
International Standard Book Number 0721600085
035 ## - SYSTEM CONTROL NUMBER
System control number (DNLM)101147103
040 ## - CATALOGING SOURCE
Original cataloging agency DNLM/DLC
Transcribing agency DLC
Modifying agency DLC
041 ## - LANGUAGE CODE
Language code of text/sound track or separate title eng
042 ## - AUTHENTICATION CODE
Authentication code pcc
060 10 - NATIONAL LIBRARY OF MEDICINE CALL NUMBER
Classification number QW 568
Item number A122c 2003
080 ## - UNIVERSAL DECIMAL CLASSIFICATION NUMBER
Universal Decimal Classification number 616.079 ABB
082 00 - DEWEY DECIMAL CLASSIFICATION NUMBER
Classification number 616.079 ABB
Edition number 21
100 1# - Rafti
Rafti 9
101 ## - Shkurtesa
Shkurtesa IMU
245 10 - TITLE STATEMENT
Title Cellular and molecular immunology /
Statement of responsibility, etc Abul K. Abbas, Andrew H. Lichtman ; illustrations by David L. Baker, Alexandra Baker.
504 ## - BIBLIOGRAPHY, ETC. NOTE
Bibliography, etc Includes bibliographical references and index.
906 ## - LOCAL DATA ELEMENT F, LDF (RLIN)
a 7
b cbc
c orignew
d 1
e ocip
f 20
g y-gencatlg
942 ## - ADDED ENTRY ELEMENTS (KOHA)
Source of classification or shelving scheme
Item type Books
Holdings
Withdrawn status Lost status Source of classification or shelving scheme Damaged status Not for loan Collection code Permanent location Current location Shelving location Date acquired Total Checkouts Full call number Barcode Date last seen Price effective from Koha item type
          Koleksioni i përgjithshem UBT - Lipjan UBT - Lipjan Koleksioni i përgjithshem 03/13/2018   616.079 ABB 002-3002089 03/13/2018 03/13/2018 Books
UBT Library © 2015-2024. All rights reserved University Education for Business and Technology